Die nächstgelegenen Städte zu Berlin - Statistiken

Allgemein
  • Dieses Quiz wurde 86 mal gespielt
  • Das Durchschnittsergebnis liegt bei 6 aus 9
Antwortstatistiken
km Cities Country % Korrekt
165 Dresden
90%
149 Leipzig Deutschland
90%
124 Magdeburg Deutschland
77%
150 Halle
73%
127 Stettin Polen
64%
190 Chemnitz
59%
196 Braunschweig
41%
241 Posen Polen
37%
237 Lübeck
20%
Keine übereinstimmenden Quizze gefunden
Verteilung der Resultate
Anzahl Personen mit jedem Resultat
Perzentil nach korrekt beantworteten Fragen
Ihre Resultats-Entwicklung
Sie haben dieses Quiz noch nicht gespielt